| 000 | 00572nam a2200205 i 4500 | ||
|---|---|---|---|
| 001 | bgj | ||
| 100 | 1 |
_aSALINGER, [Jerome] [David] _d(1919- ) |
|
| 245 | 1 | 0 |
_aThe Catcher in the Rye / _cJ. D. Salinger. |
| 260 |
_aLondon [etc.] : _bPenguin Books, _c1958= _bin association with Hamish Hamilton. |
||
| 300 |
_a218, [2] pp ; _c19 cm. |
||
| 650 | 9 | _aRunaway teenagers | |
| 651 | 9 | _aNew York (N.Y.) | |
| 655 | _aFiction | ||
| 020 | _a0140012486 | ||
| 040 | _cBPK | ||
| 041 | _aeng | ||
| 920 | _a0-14-001248-6 | ||
| 942 | _cKS | ||
| 008 | s uk f |000 0 eng | ||
| 999 |
_c47787 _d47787 |
||
| 856 |
_uhttp://koha.tu.koszalin.pl/cgi-bin/koha/opac-detail.pl?biblionumber=47787 _yKatalog online BPK |
||